00629nam a2200181 a 450000100060000000300090000600800410001502000150005604000280007108200180009910000170011724501220013426000310025630000110028750500850029865000320038365000320041516196CO-ViMGA141112s2004 ck r 000 u spa d a9580445516 aCO-ViMGAbspacCO-ViMGA04a155.332 R476i1 aRiso, Walter10aIntimidades masculinas : bSobre el mito de la fortaleza masculina y la supuesta incapacidad de los hombres para amar aBogotá : bNorma, c1998 a180.p. a¿Cuál sexo fuerte? ¿Pueden y saben amar los hombres? La sexualidad masculina14aHOMBRES - ASPECTOS SOCIALES14aMASCULINIDAD - (PSICOLOGIA)